000 00453nam a2200133Ia 4500
005 20260326100045.0
008 260326s9999||||xx |||||||||||||| ||und||
100 _aGutiérrez, Samuel A.
245 0 _aLa Arquitectura en dos archipiélagos caribeños :
_b Estudio comparado de Bocas del Toro - Panamá y San Andrés y Providencia - Colombia /
_cSamuel A. Gutiérrez
260 _bEupan
300 _a153 p.
650 _aARQUITECTURA REGIONAL
942 _cBK
999 _c7146
_d7146